Dos visiones antagónicas de la educación desde la atalaya internacional

Guardado en:
Bibliografiske detaljer
Hovedforfatter: Soler Roca, Miguel
Format: Texto
Udgivet: Montevideo: Asociación de Educadores de Latinoamérica y del CAribe
Tags: Tilføj Tag
Ingen Tags, Vær først til at tagge denne postø!

MARC

LEADER 00000 a a2200000 04500
001 22775
003
040
090 |a 155900  
100 |a Soler Roca, Miguel  
245 |a Dos visiones antagónicas de la educación desde la atalaya internacional  
260 |a Montevideo:   |b Asociación de Educadores de Latinoamérica y del CAribe  
300 |a 32 p  
999 |c 11377  |d 11377